All Formula 1 Deaths - Statistics

General Stats
  • This quiz has been taken 1,004 times
  • The average score is 7 of 33
Answer Stats
Date Nationality Answer Event % Correct
May 1, 1994 BRA Ayrton Senna San Marino GP
97%
October 5, 2014 FRA Jules Bianchi Japanese GP
77%
May 8, 1982 CAN Gilles Villeneuve Belgian GP
63%
April 30, 1994 AUT Roland Ratzenberger San Marino GP
62%
September 5, 1970 AUT Jochen Rindt Italian GP
57%
September 10, 1978 SWE Ronnie Peterson Italian GP
48%
September 10, 1961 GER Wolfgang von Trips Italian GP
37%
October 6, 1973 FRA Francois Cevert US GP
32%
March 5, 1977 UK Tom Pryce South African GP
30%
May 7, 1967 ITA Lorenzo Bandini Monaco GP
24%
June 13, 1982 ITA Riccardo Paletti Canadian GP
19%
August 3, 1958 UK Peter Collins German GP
18%
March 22, 1974 USA Peter Revson South African GP
18%
July 6, 1958 ITA Luigi Musso French GP
17%
July 29, 1973 UK Roger Williamson Dutch GP
17%
May 30, 1955 USA Bill Vukovich Indy 500
15%
October 6, 1974 AUT Helmut Koinigg US GP
13%
June 21, 1970 UK Piers Courage Dutch GP
11%
August 17, 1975 USA Mark Donohue Austrian GP
10%
October 19, 1958 UK Stuart Lewis-Evans Moroccan GP
10%
July 31, 1954 ARG Onofre Marimon German GP
9%
July 7, 1968 FRA Jo Schlesser French GP
8%
June 19, 1960 UK Alan Stacey Belgian GP
7%
August 1,1964 LUX Carel Godin de Beaufort German GP
6%
June 19, 1960 UK Chris Bristow Belgian GP
5%
August 1, 1969 GER Gerhard Mitter German GP
5%
May 15, 1953 USA Chet Miller Indy 500
4%
August 7, 1966 UK John Taylor German GP
4%
May 30, 1958 USA Pat O"Connor Indy 500
4%
May 2, 1959 USA Jerry Unser Jr. Indy 500
3%
May 16, 1955 USA Manny Ayulo Indy 500
3%
May 19, 1959 USA Bob Cortner Indy 500
2%
May 15, 1957 USA Keith Andrews Indy 500
2%
No matching quizzes found
Score Distribution
Percent of People with Each Score
Percentile by Number Answered
Your Score History
You have not taken this quiz